| 000 | 00847nam a22002897a 4500 | ||
|---|---|---|---|
| 003 | CHAP | ||
| 005 | 20220329134840.0 | ||
| 008 | 971013s1964 r 00010 d | ||
| 010 | _a26913 | ||
| 011 | _a27885 | ||
| 035 | _a31986 | ||
| 040 | _cCHAP | ||
| 082 |
_a574 _bK39 |
||
| 100 | 0 | 0 |
_aKay, R. H. _962847 |
| 245 | _aExperimental biology, measurements and analysis | ||
| 260 |
_aNew York : _bReinhold, _c1964 |
||
| 300 | _a416 p. | ||
| 590 |
_aBATCH-UPD _b10 _c20130110 _lUCH01 _h0121 |
||
| 590 |
_aBATCH-UPD _b10 _c20130110 _lUCH01 _h2330 |
||
| 590 |
_aBATCH-UPD _b10 _c20130409 _lUCH01 _h2114 |
||
| 590 |
_aBATCH-UPD _b10 _c20130914 _lUCH01 _h0635 |
||
| 590 |
_aCONVERSION _b10 _c20130109 _lUCH01 _h1315 |
||
| 650 | 1 | 4 |
_aBiologĂa experimental. _912812 |
| 901 | _aBK | ||
| 942 | _cLIBRO | ||
| 949 |
_a574 K39 _bBC _cBPA _d-74069 _eBPA _h8010 _i31986 _si |
||
| 999 |
_c26913 _d26913 |
||